000 01222nam0a22002651 4500
001 v19\rc\2023432
005 20090525142345.5
035 _a(NLR Aleph) 005273428
090 _a6023405
_c6023405
100 _a20080925d1916 |||y0rusy50 ca
101 0 _arus
102 _aRU
105 _aa z |||||
200 1 _aКультура фисташкового дерева Pistacia vera L. на Южном берегу Крыма
_fФ.К. Калайда
_gПод общ. ред. [и с предисл.] дир. Имп. Никит. сада проф. Н.И. Кузнецова
_gБотан. каб. и Ботан. сад Имп. Никит. сада. № 2
210 _aЯлта
_cтип. К. Маттисена
_d1916
215 _a22 с., 4 л. ил.
_cил.
_d25
700 1 _aКалайда
_bФ. К.
_f1864-1942
_gФеофан Климентьевич
702 1 _aКузнецов
_bН. И.
_cгеоботаник
_f1864-1932
_gНиколай Иванович
_3RU\NLR\AUTH\7776530
_4340
_4080
_7ca
801 0 _aRU
_bNLR
_c20080925
_gpsbo
801 0 _aRU
_bRuMoRGB
_c20080925
_2psbo
801 1 _aRU
_bProSoft-M
_c20080925
_2rusmarc
801 2 _aRU
_bNLR
_c20090525
_2rusmarc
852 _aNLR
_j34.106.5.212
942 _cBOOK
980 _aNB